Ciencia y tecnología en el mundo actual. Antología de textos básicos
Đã lưu trong:
| Tác giả của công ty: | |
|---|---|
| Định dạng: | Sách |
| Ngôn ngữ: | Tiếng Tây Ban Nha |
| Được phát hành: |
Caracas
Universidad Simón Bolivar
1974
|
| Loạt: | Estudios Libres
|
| Những chủ đề: | |
| Các nhãn: |
Thêm thẻ
Không có thẻ, Là người đầu tiên thẻ bản ghi này!
|
MARC
| LEADER | 00000nam a2200000 a 4500 | ||
|---|---|---|---|
| 001 | UCU2830 | ||
| 003 | CL-VaPUC | ||
| 008 | 960426e19740000ve |||||||||||||||||spa|d | ||
| 082 | 0 | 4 | |a 303.483 |b UNI |2 21 |
| 110 | 2 | |a Universidad Simón Bolivar |e author |9 359383 | |
| 245 | 1 | 0 | |a Ciencia y tecnología en el mundo actual. Antología de textos básicos |
| 300 | |a 90 p | ||
| 942 | |c BK | ||
| 945 | |d 19960426 00:00:00 |a lriquelm | ||
| 260 | |a Caracas |b Universidad Simón Bolivar |c 1974 | ||
| 650 | 0 | |a Ciencia |9 255691 | |
| 650 | 0 | |a Metodología de la ciencia |9 346018 | |
| 650 | 7 | |a TECNICAS DE INVESTIGACION |2 CL-VaPUC |9 359384 | |
| 650 | 7 | |a CONOCIMIENTO |2 CL-VaPUC |9 308991 | |
| 583 | |a last modification |c 20150423 05:34:21 |k Rodrigo Vera | ||
| 490 | 0 | |a Estudios Libres | |
| 999 | |c 247040 |d 247038 | ||